|
|
|
|
| LEADER |
00000nlm0a2200000 4500 |
| 001 |
646260 |
| 005 |
20231101134415.0 |
| 029 |
1 |
0 |
|a RU
|b 2255330
|c Пат.
|d МПК G 01 N 25/18
|
| 035 |
|
|
|a (RuTPU)RU\TPU\network\11396
|
| 035 |
|
|
|a RU\TPU\network\11395
|
| 039 |
0 |
|
|a RU
|b 2004112097/28
|c 20040420
|
| 090 |
|
|
|a 646260
|
| 100 |
|
|
|a 20160219j20050627k y0rusy50 ca
|
| 101 |
0 |
|
|a rus
|
| 102 |
|
|
|a RU
|
| 105 |
|
|
|a a k 000zy
|
| 135 |
|
|
|a drgn ---uucaa
|
| 181 |
|
0 |
|a i
|
| 182 |
|
0 |
|a b
|
| 200 |
1 |
|
|a Устройство для определения характеристик материалов
|f В. В. Медведев, О. Ю. Троицкий
|g Национальный исследовательский Томский политехнический университет (ТПУ)
|
| 203 |
|
|
|a Текст
|c электронный
|
| 300 |
|
|
|a опубл. 27.06.05
|
| 330 |
|
|
|a Устройство относится к техническим средствам для определения характеристик твердых материалов и может использоваться как при исследованиях свойств новых материалов, так и в тепловом неразрушающем контроле.
|
| 610 |
1 |
|
|a патенты
|
| 610 |
1 |
|
|a труды учёных ТПУ
|
| 610 |
1 |
|
|a электронный ресурс
|
| 610 |
1 |
|
|a изобретения
|
| 610 |
1 |
|
|a характеристики
|
| 610 |
1 |
|
|a материалы
|
| 610 |
1 |
|
|a технические средства
|
| 610 |
1 |
|
|a новые материалы
|
| 610 |
1 |
|
|a тепловой неразрушающий контроль
|
| 610 |
1 |
|
|a твердые материалы
|
| 700 |
|
1 |
|a Медведев
|b В. В.
|c специалист в области теплоэнергетики
|c доцент Томского политехнического университета, кандидат технических наук
|f 1945-
|g Валерий Васильевич
|2 stltpush
|3 (RuTPU)RU\TPU\pers\28629
|
| 701 |
|
1 |
|a Троицкий
|b О. Ю.
|c физик
|c профессор Томского политехнического университета, доктор физико-математических наук
|f 1943-
|g Олег Юрьевич
|2 stltpush
|3 (RuTPU)RU\TPU\pers\22014
|
| 712 |
0 |
2 |
|a Национальный исследовательский Томский политехнический университет (ТПУ)
|c (2009- )
|2 stltpush
|3 (RuTPU)RU\TPU\col\15902
|
| 801 |
|
1 |
|a RU
|b 63413507
|c 20120201
|
| 801 |
|
2 |
|a RU
|b 63413507
|c 20160303
|g RCR
|
| 856 |
4 |
|
|u http://www.fips.ru/Archive/PAT/2005FULL/2005.06.27/DOC/RUNWC1/000/000/002/255/330/document.pdf
|
| 942 |
|
|
|c CF
|